Music Quiz

Random Music or Artist Quiz

Artists in the Top 10 of 2010 Quiz Stats

 Plays Quiz not verified by Sporcle

Score 0/40 Timer 10:00
0 Plays Today
Songs Artist % Correct
Tik Tok*, Your Love is My Drug, Blah Blah Blah, We R Who We R*Kesha
98.6%
Bad Romance, Alejandro, Telephone (feat. Beyonce)Lady Gaga
97.2%
California Gurls (feat. Snoop Dogg)*, Teenage Dream*, Firework*Katy Perry
95.8%
Hard (feat. Young Jeezy), Rude Boy*, Only Girl (In the World)*, What's My Name? (feat. Drake)*Rihanna
94.4%
Not Afraid*, Love the Way You Lie (feat. Rihanna)*Eminem
93%
Meet Me Halfway, I Gotta Feeling, Imma Be*, The Time (Dirty Bit)Black Eyed Peas
91.6%
OMG (feat. will.i.am)*, DJ Got Us Fallin' In Love (feat. Pitbull)Usher
90.2%
Just the Way You Are*, GrenadeBruno Mars
86.7%
Empire State of Mind (feat. Alicia Keys), Young ForeverJay-Z
86%
Party in the USA, Can't Be TamedMiley Cyrus
86%
Nothin' On You (feat. Bruno Mars)*, Airplanes (feat. Haley Williams), Magic (feat. Rivers Cuomo)B.O.B.
84.6%
Hey, Soul SisterTrain
81.8%
Whatcha Say, In My Head, Ridin' SoloJason Derulo
79%
FirefliesOwl City
77.6%
Break Your Heart (feat. Ludacris)*, DynamiteTaio Cruz
77.6%
BabyJustin Bieber
74.8%
Today Was a Fairytale, Mine, Speak Now, Back to DecemberTaylor Swift
70.6%
Raise Your Glass*Pink
69.2%
Club Can't Handle Me (feat. David Guetta)Flo Rida
61.5%
F*** YouCee-Lo Green
61.5%
Songs Artist % Correct
Find Your LoveDrake
60.1%
Sexy B**** David Guetta
58.7%
Just a DreamNelly
58.7%
3Britney Spears
58%
Cooler Than MeMike Posner
56.6%
Need You NowLady Antebellum
54.5%
My First Kiss (feat. Ke$ha)3OH!3
52.4%
Billionaire (feat. Bruno Mars)Travie McCoy
52.4%
Whataya Want From MeAdam Lambert
51.7%
Down, Do You RememberJay Sean
51%
Right Above It (feat. Drake)Lil Wayne
51%
BulletproofLa Roux
50.3%
I Like It (feat. Pitbull)Enrique Iglesias
50.3%
ReplayIyaz
49.7%
Like a G6 (feat. The Cataracts and Dev)*Far East Movement
49%
How LowLudacris
45.5%
Say Aah, Bottoms Up (feat. Nicki Minaj)Trey Songz
40.6%
BedRockYoung Money
39.9%
Teenage DreamGlee Cast
25.9%
We Are the World 25 For HaitiArtists For Haiti
17.5%

You're not logged in!

Compare scores with friends on all Sporcle quizzes.
OR
Log In

Show Comments

Extras

Top Quizzes Today


Score Distribution

Your Account Isn't Verified!

In order to create a playlist on Sporcle, you need to verify the email address you used during registration. Go to your Sporcle Settings to finish the process.

Report this User

Report this user for behavior that violates our Community Guidelines.

Details: